01045nam a2200229 a 450000100100000000500170001000800410002704000250006808200300009310000290012324500860015225000120023826000620025030000270031250001000033959000260043965000450046565000500051070000400056095201980060099900170079800003088720200930062553.0110603s1937 dr a 001 0 spa d aDO-SdBNPbspacBNPHU a582.16097293bS333r, 19371 aSchiffino, José92205610aRiqueza forestal dominicana. /cJosé Schiffino ; [prólogo Lorenzo Despradel]. a2a. ed. aCiudad Trujillo, República Dominicana :b[s.n.],c1937. a96 p. :bil. ;c23 cm. aIncluye índice de los nombres vulgares en la República Dominicana y Centro y Sur América. aInventariado, 2018/DG 4aÁrboleszRepública Dominicana921551 4aFlora forestalzRepública Dominicana92205712aDespradel, Lorenzo,epról.939175 001050718RVaPDbPDcHDd2011-06-03iLF1l0o582.16097293 S333r, 1937p30887-10r2020-06-25w2020-06-25y1zPerteneció a la biblioteca personal de Carlos Larrazábal Blanco.ZNo se presta c30379d30379